000
00315nam a22001337a 4500
008
170526b xxu||||| |||| 00| 0 eng d
020
_a
9780471274711
041
_a
eng
080
_2
5TH
_a
621
100
_a
25
101
_a
IM
245
_a
FUNDAMENTALS OF ENGINEERING THERMODYNAMICS
_c
MORAN,M.J
942
_2
udc
_c
BK
999
_c
14319
_d
14319